[Event "35. DSenEM 65+"]
[Site "Bad Wildungen"]
[Date "2023.07.21"]
[Round "5.7"]
[White "Ackermann, Hans Werner"]
[Black "Kannenberg, Karl-Heinz"]
[Result "1-0"]
[WhiteElo "2191"]
[BlackElo "2081"]
[Annotator "hugo5"]
[PlyCount "139"]
[EventDate "2023.??.??"]
[WhiteTeam "Hammer Sportclub 2008 e. V."]
[BlackTeam "SC Kitzingen von 1905"]

{[%evp 0,137,19,29,23,-4,25,3,8,-1,-6,-9,43,39,56,43,33,32,39,-10,35,24,24,36,46,62,25,15,29,17,13,17,29,22,21,19,51,49,42,66,70,32,94,90,128,117,137,142,145,105,97,109,116,102,102,102,102,102,114,110,107,131,111,96,122,115,129,115,168,160,135,171,167,148,154,152,138,138,137,143,143,145,142,132,135,134,135,135,135,132,135,84,83,145,129,110,109,128,169,120,126,114,131,138,194,159,259,75,396,223,212,-58,283,0,41,114,652,708,715,698,1152,600,613,619,927,607,725,689,1066,660,651,651,730,741,2128,809,1445,898,29987,1440]} 1. Nf3 d5 2. c4 c6 3. Qb3 Nf6 4. d4 dxc4 5. Qxc4 b5 6. Qc2 e6 7. Bf4 Bb7 8. Nbd2 Nbd7 9. e3 Be7 10. Be2 a6 11. a4 Nd5 12. Bg3 Nb4 13. Qd1 Nb6 14. a5 Nd7 15. Ne4 Nf6 16. Nc5 Bxc5 17. dxc5 Qxd1+ 18. Rxd1 Ne4 19. O-O Nd5 20. Rc1 Ke7 21. Bh4+ Ke8 22. Rfd1 h6 23. Rd4 f5 24. Bd3 g5 25. Bg3 Nxg3 26. hxg3 Kf7 27. e4 fxe4 28. Rxe4 Rae8 29. Re2 Kf6 30. Nd2 Bc8 31. Rce1 Bd7 32. Nf3 Bc8 33. Bb1 Rhg8 34. Ne5 Ne7 35. Ba2 h5 36. Nf3 Nd5 37. Bxd5 cxd5 38. Ne5 Rg7 39. b4 g4 40. Nd3 Rg5 41. Ne5 Re7 42. Re3 Rh7 43. Kh2 Rhg7 44. Nd3 Re7 45. f4 gxf3 46. gxf3 Reg7 47. f4 Rf5 48. Re5 Rh7 49. Rxf5+ Kxf5 50. Re5+ Kf6 51. Rg5 Bd7 52. Ne5 Be8 53. Rg6+ Ke7 54. c6 Kd8 55. Nd7 Re7 56. Nf6 d4 57. Kg2 e5 58. Rg8 Re6 59. c7+ Kc8 60. Rxe8+ Rxe8 61. Nxe8 exf4 62. gxf4 d3 63. Kf2 h4 64. Nd6+ Kxc7 65. Nf5 h3 66. Ke3 h2 67. Ng3 Kd6 68. Kxd3 Ke6 69. Ke4 Kf6 70. Kf3 1-0

[Event "35. DSenEM 65+"]
[Site "Bad Wildungen"]
[Date "2023.07.21"]
[Round "5.8"]
[White "Neumann, Joachim"]
[Black "Salov, Sergej"]
[Result "1/2-1/2"]
[WhiteElo "2032"]
[BlackElo "2162"]
[PlyCount "30"]
[EventDate "2023.??.??"]
[WhiteTeam "SC Agon Neumuenster"]
[BlackTeam "Luebecker SV von 1873"]

1. Nf3 Nf6 2. c4 g6 3. g3 Bg7 4. Bg2 O-O 5. Nc3 d6 6. d4 Nbd7 7. O-O e5 8. e4 c6 9. Rb1 a5 10. h3 Re8 11. Be3 exd4 12. Nxd4 Nc5 13. Qc2 Qe7 14. Rfe1 Bd7 15. f3 Nh5 1/2-1/2

[Event "35. DSenEM 65+"]
[Site "Bad Wildungen"]
[Date "2023.07.21"]
[Round "5.9"]
[White "Gruzmann, Boris"]
[Black "Schober, Ralf"]
[Result "1-0"]
[WhiteElo "2162"]
[BlackElo "2089"]
[PlyCount "117"]
[EventDate "2023.??.??"]
[WhiteTeam "Luebecker SV von 1873"]
[BlackTeam "SV 1919 Grimma"]

1. e4 e6 2. d4 d5 3. e5 c5 4. c3 Nc6 5. Nf3 Qb6 6. a3 c4 7. g3 Bd7 8. h4 O-O-O 9. Bh3 Na5 10. Nbd2 h6 11. O-O Kb8 12. Rb1 Ka8 13. Re1 Be7 14. Nh2 Re8 15. Qg4 h5 16. Qxg7 Nh6 17. Nxc4 Nxc4 18. Bxh6 Qd8 19. Bg5 Reg8 20. Qxf7 Bxg5 21. hxg5 Rf8 22. Qg6 Rfg8 23. Qf6 Qe8 24. Qf4 Qe7 25. Bf1 Rxg5 26. Bxc4 dxc4 27. Qf6 Qxf6 28. exf6 Rf5 29. Re5 Rxf6 30. Rc5 Bc6 31. Rxc4 a6 32. Rd1 h4 33. g4 Rg8 34. Rd2 Bf3 35. Rc7 Bxg4 36. Nxg4 Rxg4+ 37. Kh2 Rgf4 38. Kg2 h3+ 39. Kxh3 Rxf2 40. Rxf2 Rxf2 41. b4 Kb8 42. Rc5 b6 43. Kg3 Rc2 44. Rc4 Kb7 45. Kf4 Re2 46. a4 Re1 47. a5 b5 48. Rc5 Re2 49. Re5 Rf2+ 50. Ke4 Rf6 51. Rc5 Rg6 52. Ke5 Rh6 53. Kd6 Rg6 54. Rc7+ Kb8 55. Re7 e5+ 56. Kc5 exd4 57. cxd4 Rh6 58. d5 Kc8 59. Re6 1-0

[Event "35. DSenEM 65+"]
[Site "Bad Wildungen"]
[Date "2023.07.21"]
[Round "5.10"]
[White "Ehlert, Horst"]
[Black "Hassenrueck, Helmut"]
[Result "0-1"]
[WhiteElo "2001"]
[BlackElo "2162"]
[PlyCount "60"]
[EventDate "2023.??.??"]
[WhiteTeam "SV Laatzen"]
[BlackTeam "Schachgesellschaft-Gladbeck 19/2"]

1. d4 Nf6 2. Nf3 e6 3. c4 b6 4. g3 Bb7 5. Bg2 c5 6. dxc5 Bxc5 7. O-O O-O 8. a3 a5 9. Nc3 d5 10. cxd5 Nxd5 11. Na4 Be7 12. Qb3 Nd7 13. Nd4 Nc5 14. Nxc5 Bxc5 15. Nf3 Ba6 16. Re1 Rc8 17. e4 Nf6 18. Bg5 h6 19. Bxf6 Qxf6 20. Rac1 Rfd8 21. e5 Qf5 22. Rxc5 bxc5 23. Qb6 Qd3 24. Qxa5 Bb7 25. Re3 Qb1+ 26. Ne1 Bxg2 27. Kxg2 Qxb2 28. Nd3 Qb7+ 29. f3 c4 30. Nf4 c3 0-1

[Event "35. DSenEM 65+"]
[Site "Bad Wildungen"]
[Date "2023.07.21"]
[Round "5.11"]
[White "Szenetra, Werner"]
[Black "Steinmacher, Josef"]
[Result "1-0"]
[WhiteElo "2160"]
[BlackElo "1949"]
[PlyCount "47"]
[EventDate "2023.??.??"]
[WhiteTeam "SV Berenbostel"]
[BlackTeam "SF Bad Mergentheim"]

1. Nf3 Nf6 2. g3 c5 3. d3 Nc6 4. Bg2 g6 5. Nbd2 Bg7 6. O-O O-O 7. Re1 d6 8. e4 Qc7 9. c3 Bd7 10. a3 Rac8 11. Qe2 Rfd8 12. h3 Be8 13. Nc4 b5 14. Ne3 e6 15. Nc2 Na5 16. Bf4 Nh5 17. Bg5 f6 18. Bd2 Nb3 19. g4 Nxd2 20. Qxd2 d5 21. gxh5 dxe4 22. Rxe4 e5 23. hxg6 Bxg6 24. Nh4 1-0

[Event "35. DSenEM 65+"]
[Site "Bad Wildungen"]
[Date "2023.07.21"]
[Round "5.12"]
[White "Zuehlke, Burkhard"]
[Black "Schumacher, Gottfried"]
[Result "1/2-1/2"]
[WhiteElo "1980"]
[BlackElo "2147"]
[Annotator "hugo5"]
[PlyCount "150"]
[EventDate "2023.??.??"]
[WhiteTeam "SGem 1882 Fuerth"]
[BlackTeam "Bad Neuenahr"]

1. d4 e6 2. c4 Nf6 3. g3 d5 4. Bg2 c6 5. Nf3 Be7 6. Qc2 O-O 7. O-O Ne4 8. Nbd2 f5 9. Ne5 Nd7 10. Nd3 Bf6 11. Nf3 dxc4 12. Qxc4 Nb6 13. Qb3 Bxd4 14. Nxd4 Qxd4 15. Be3 Qd5 16. Bxb6 axb6 17. Qxb6 Qd8 18. Qe3 Nf6 19. a3 Nd5 20. Qd4 Qc7 21. Qe5 Qb6 22. Rfc1 Nf6 23. Qc5 Qxc5 24. Rxc5 Nd7 25. Rc3 e5 26. e4 fxe4 27. Bxe4 Nf6 28. Bg2 Re8 29. Re1 Bf5 30. Rxe5 Rxe5 31. Nxe5 Rd8 32. Rc1 Be6 33. Bf3 Rd2 34. Rd1 Rxd1+ 35. Bxd1 Bd5 36. f3 Kf8 37. Kf2 Ke7 38. Ke3 Kd6 39. f4 c5 40. Be2 Bb3 41. Bf3 b6 42. Kd3 b5 43. h4 Ba2 44. h5 Bb1+ 45. Ke3 h6 46. Be2 Nd5+ 47. Kd2 c4 48. a4 bxa4 49. Bxc4 Nf6 50. g4 Kc5 51. Be6 Kd4 52. Nc6+ Kc5 53. Ne5 Be4 54. Ke3 (54. Kc3) 54... Bc2 55. Nd3+ Kd6 56. Bf5 Bd1 57. Nf2 Nd5+ 58. Kd4 Bb3 59. Ne4+ Ke7 60. Ke5 Ne3 61. Nd6 Bd1 62. Nc8+ Kd8 63. Nb6 Nxg4+ 64. Bxg4 Bxg4 65. Nxa4 Bxh5 66. Nc5 Bg4 67. f5 Ke7 68. Ne4 Kf7 69. Nd6+ Kf8 70. b4 Bf3 71. b5 Ke7 72. b6 Kd7 73. b7 Kc7 74. Ne8+ Kxb7 75. Nxg7 Kc6 1/2-1/2

[Event "35. DSenEM 65+"]
[Site "Bad Wildungen"]
[Date "2023.07.21"]
[Round "5.13"]
[White "Krueger, Erich"]
[Black "Schaefer, Martin"]
[Result "1/2-1/2"]
[WhiteElo "2146"]
[BlackElo "1929"]
[PlyCount "116"]
[EventDate "2023.??.??"]
[WhiteTeam "Schachfreunde Essen-Katernberg"]
[BlackTeam "SG Ennepe-Ruhr-Sued e.V."]

1. d4 f5 2. Nf3 d6 3. c4 Nf6 4. g3 g6 5. Bg2 Bg7 6. O-O O-O 7. Nc3 c6 8. d5 e5 9. dxe6 Bxe6 10. Qd3 Nbd7 11. Ng5 Re8 12. Nxe6 Rxe6 13. Qc2 Qe7 14. e3 Nb6 15. b3 d5 16. cxd5 cxd5 17. Nb5 Rc6 18. Qd3 Ne4 19. Ba3 Qd7 20. Rad1 a6 21. Nd4 Rc3 22. Qb1 Rc7 23. Ne2 Rac8 24. Bxe4 fxe4 25. Rc1 Be5 26. Rxc7 Rxc7 27. Rc1 Qc8 28. Rxc7 Qxc7 29. Bb2 Nd7 30. Nf4 Qd6 31. Bxe5 Qxe5 32. Qc1 g5 33. Qc8+ Nf8 34. Ne2 Qa1+ 35. Kg2 Qg7 36. Nd4 Qd7 37. Qb8 h6 38. Qe5 Qf7 39. Nf5 Kh7 40. Qe7 Kg6 41. Qxf7+ Kxf7 42. Nd6+ Kf6 43. Nxb7 Ne6 44. Nd6 Nc5 45. g4 Nd3 46. a3 Ne1+ 47. Kg1 Nc2 48. a4 Ke5 49. Nf7+ Kf6 50. Nxh6 d4 51. exd4 Nxd4 52. b4 Ne2+ 53. Kg2 Nc3 54. b5 axb5 55. axb5 Nxb5 56. Kg3 Nd4 57. h4 Ne2+ 58. Kh3 Nf4+ 1/2-1/2

[Event "35. DSenEM 65+"]
[Site "Bad Wildungen"]
[Date "2023.07.21"]
[Round "5.14"]
[White "Chevelevitch, Evgueni"]
[Black "Galow, Wolfgang Paul"]
[Result "1-0"]
[WhiteElo "2368"]
[BlackElo "2018"]
[PlyCount "55"]
[EventDate "2023.??.??"]
[WhiteTeam "Hamburger SK von 1830 eV"]
[BlackTeam "FC Bayern Muenchen e.V."]

1. e4 e6 2. d4 d5 3. Nd2 dxe4 4. Nxe4 Nd7 5. Nf3 Ngf6 6. Bd3 Nxe4 7. Bxe4 Nf6 8. Bg5 Be7 9. Bxf6 Bxf6 10. Qd3 c5 11. Qb5+ Bd7 12. Qxc5 Be7 13. Qc4 Qb6 14. Qb3 Qa5+ 15. c3 O-O 16. Qc2 f5 17. Bd3 Rac8 18. O-O Bf6 19. Rfe1 Bc6 20. Bc4 Bxf3 21. Bxe6+ Kh8 22. Bxc8 Be4 23. Rxe4 fxe4 24. Bxb7 Bh4 25. g3 e3 26. fxe3 Bg5 27. Qe2 Qf5 28. Bg2 1-0

[Event "35. DSenEM 65+"]
[Site "Bad Wildungen"]
[Date "2023.07.21"]
[Round "5.15"]
[White "Podat, Vladimir"]
[Black "Boeven, Manfred"]
[Result "1-0"]
[WhiteElo "2265"]
[BlackElo "2007"]
[PlyCount "55"]
[EventDate "2023.??.??"]
[WhiteTeam "SC Untergrombach 46"]
[BlackTeam "Schachfreunde Geilenkirchen 1984"]

1. d4 d5 2. c4 Bf5 3. cxd5 Bxb1 4. Rxb1 Qxd5 5. e3 e5 6. dxe5 Bb4+ 7. Bd2 Bxd2+ 8. Qxd2 Qxd2+ 9. Kxd2 Nd7 10. e6 fxe6 11. Bc4 Ke7 12. Nf3 Rd8 13. Ke2 Ngf6 14. Rhd1 c6 15. Nd4 Nb6 16. Bb3 Nbd5 17. Rbc1 Rhf8 18. f3 g6 19. Bc4 e5 20. Nb3 Nb6 21. Bd3 Nc8 22. Na5 Nd6 23. Bb1 Rd7 24. Rc5 Ke6 25. a3 b6 26. Ba2+ Nd5 27. Rxc6 bxa5 28. Rxd5 1-0

[Event "35. DSenEM 65+"]
[Site "Bad Wildungen"]
[Date "2023.07.21"]
[Round "5.16"]
[White "Paus, Franz"]
[Black "Clemens, Christian"]
[Result "1-0"]
[WhiteElo "2014"]
[BlackElo "2225"]
[PlyCount "79"]
[EventDate "2023.??.??"]
[WhiteTeam "Schachfuechse Kempen 1986 e. V."]
[BlackTeam "SC Braunschweig Gliesmarode 1869"]

1. d4 f5 2. g3 e6 3. Bg2 Nf6 4. Nf3 d5 5. O-O Bd6 6. c4 O-O 7. b3 Nc6 8. Bb2 b6 9. Ne5 Bb7 10. Nd2 Ne4 11. Nxe4 dxe4 12. f4 Nxe5 13. fxe5 Be7 14. e3 c5 15. Qe2 Qc7 16. Kh1 Rad8 17. Rad1 Bg5 18. Rfe1 Rf7 19. dxc5 bxc5 20. Rxd8+ Qxd8 21. Rd1 Rd7 22. Rxd7 Qxd7 23. Kg1 g6 24. Kf2 Bh6 25. Bc3 Bg7 26. Ke1 Kf7 27. Bf1 Qc7 28. Qb2 h6 29. Be2 g5 30. Bh5+ Kf8 31. Bd1 Bc6 32. a3 Be8 33. Be2 Qe7 34. Qd2 Qc7 35. Qb2 h5 36. b4 Bh6 37. Bd2 Qe7 38. bxc5 Qxc5 39. Qb8 Qc6 40. Bxh5 1-0

[Event "35. DSenEM 65+"]
[Site "Bad Wildungen"]
[Date "2023.07.21"]
[Round "5.17"]
[White "Gollasch, Theo-Heinz"]
[Black "Koehler, Gerhard"]
[Result "1/2-1/2"]
[WhiteElo "1997"]
[BlackElo "2185"]
[PlyCount "172"]
[EventDate "2023.??.??"]
[WhiteTeam "Hamburger SK von 1830 eV"]
[BlackTeam "USV Halle"]

1. Nf3 Nf6 2. c4 g6 3. g3 Bg7 4. Bg2 O-O 5. Nc3 d6 6. d4 Nc6 7. O-O Bf5 8. d5 Na5 9. Nd4 Bd7 10. Qd3 c5 11. dxc6 Nxc6 12. Nxc6 bxc6 13. h3 Qa5 14. Bd2 Qb6 15. b3 Rab8 16. Rad1 Rfd8 17. e4 Be8 18. Be3 Qa5 19. Bd2 Qa6 20. Bg5 h6 21. Be3 Nd7 22. Rd2 Qa5 23. Ne2 Ne5 24. Qc2 c5 25. f4 Nc6 26. Qd1 Qb6 27. f5 g5 28. Kh2 Be5 29. Kh1 f6 30. Rf3 a5 31. Bf2 a4 32. Nc3 Nb4 33. bxa4 Bh5 34. g4 Bf7 35. Nd5 Qa7 36. Bf1 Kg7 37. Ra3 Nxd5 38. exd5 Rb4 39. a5 Rh8 40. Be2 Ra8 41. Be1 Rab8 42. Rb3 Rxb3 43. axb3 Qxa5 44. Rd3 Qa2 45. Qd2 Qa6 46. Bd1 Rh8 47. Kg2 h5 48. Bg3 hxg4 49. hxg4 Qa3 50. Qe2 Ra8 51. Bxe5 dxe5 52. Rd2 Qc1 53. Qd3 Ra6 54. Qc2 Qxc2 55. Bxc2 Kf8 56. Kf3 Ke8 57. Ke3 Kd7 58. Kd3 Kd6 59. Kc3 Ra1 60. Bd1 e4 61. Kb2 Ra8 62. Re2 Rh8 63. Rxe4 Rh2+ 64. Be2 Rh3 65. Kc2 Rg3 66. Bd1 Rg2+ 67. Kd3 Rg1 68. Kd2 Rg2+ 69. Kc1 Rh2 70. Re3 Rh1 71. Re2 Rg1 72. Ra2 Be8 73. Ra6+ Kc7 74. Re6 Kd8 75. d6 exd6 76. Rxf6 Ke7 77. Re6+ Kd7 78. Kd2 Bf7 79. Re1 Rxe1 80. Kxe1 Ke7 81. Kd2 Kf6 82. Kc3 Ke5 83. Be2 d5 84. cxd5 Bxd5 85. b4 cxb4+ 86. Kxb4 Kf4 1/2-1/2

[Event "35. DSenEM 65+"]
[Site "Bad Wildungen"]
[Date "2023.07.21"]
[Round "5.18"]
[White "Brock, Friedemann"]
[Black "Biller, Helmut"]
[Result "1/2-1/2"]
[WhiteElo "2175"]
[BlackElo "1980"]
[Annotator "hugo5"]
[PlyCount "117"]
[EventDate "2023.??.??"]
[WhiteTeam "TSG 1861 Taucha"]
[BlackTeam "SF Frankfurt 1921"]

{[%evp 0,12,32,32,33,0,37,37,75,60,49,61,60,60,60]} 1. d4 Nf6 2. c4 g6 3. Nc3 d5 4. cxd5 Nxd5 5. e4 Nxc3 6. bxc3 Bg7 7. Bg5 O-O 8. Qd2 c5 9. d5 Qa5 10. Rc1 Re8 11. Nf3 Bg4 12. c4 Qxd2+ 13. Nxd2 Bd7 14. Bd3 e6 15. O-O Na6 16. a3 h6 17. Bf4 e5 18. Be3 b6 19. Nb1 Nc7 20. Nc3 Rab8 21. Nb5 Nxb5 22. cxb5 f5 23. f3 f4 24. Bf2 Bf8 25. Rc3 Bd6 26. Ra1 Kf8 27. a4 Ke7 28. a5 Rb7 29. axb6 axb6 30. Ra6 g5 31. Bc4 Rg8 32. Rca3 Rgb8 33. Kf1 Kd8 34. Ke2 Kc7 35. Ra1 Rg8 36. Ra8 Rxa8 37. Rxa8 Rb8 38. Ra7+ Rb7 39. Ra1 Rb8 40. Ra7+ Rb7 41. Ra1 Rb8 42. Kd2 Kb7 43. Be2 Ra8 44. Rxa8 Kxa8 45. h4 Kb7 46. hxg5 hxg5 47. Kc3 Kc7 48. Kc4 Be7 49. g3 Kd6 50. Be1 Bf6 51. Bf2 Be7 52. Be1 Bf6 53. Bd1 Bh3 54. Be2 Bd7 55. g4 Bc8 56. Bd1 Bb7 57. Ba4 Bd8 58. Bf2 Bc7 59. Bb3 1/2-1/2

[Event "35. DSenEM 65+"]
[Site "Bad Wildungen"]
[Date "2023.07.21"]
[Round "5.19"]
[White "Knaak, Joachim"]
[Black "Brettschneider, Karl"]
[Result "1-0"]
[WhiteElo "2121"]
[BlackElo "1949"]
[PlyCount "43"]
[EventDate "2023.??.??"]
[WhiteTeam "SV Dresden-Leuben"]
[BlackTeam "SC Leinfelden"]

1. d4 f5 2. Nf3 Nf6 3. c4 e6 4. Nc3 d5 5. Bf4 c6 6. e3 Be7 7. Qc2 O-O 8. Bd3 Ne4 9. g4 g5 10. Be5 Nd7 11. cxd5 Nxe5 12. Nxe5 cxd5 13. gxf5 Nxc3 14. f6 Rxf6 15. Bxh7+ Kg7 16. bxc3 Rh6 17. Bd3 Bd7 18. Ke2 Be8 19. Rag1 Bh5+ 20. f3 Kh8 21. h4 gxh4 22. Bg6 1-0

[Event "35. DSenEM 65+"]
[Site "Bad Wildungen"]
[Date "2023.07.21"]
[Round "5.20"]
[White "Falk, Thomas"]
[Black "Rosen, Willy"]
[Result "1-0"]
[WhiteElo "1996"]
[BlackElo "2100"]
[PlyCount "69"]
[EventDate "2023.??.??"]
[WhiteTeam "SV Oberursel"]
[BlackTeam "Schachfreunde Essen-Katernberg"]

1. Nf3 c5 2. c4 g6 3. d4 cxd4 4. Nxd4 Nc6 5. e4 Nf6 6. Nc3 d6 7. Be2 Bg7 8. Be3 O-O 9. O-O a6 10. Qd2 Ng4 11. Bxg4 Bxg4 12. f3 Bd7 13. Rac1 Rb8 14. Rfd1 Re8 15. Qf2 Ne5 16. b3 Qa5 17. h3 b5 18. cxb5 Bxb5 19. Ncxb5 axb5 20. f4 Nd7 21. Nc6 Qa8 22. Nxb8 Nxb8 23. Qc2 b4 24. Bd4 e5 25. fxe5 dxe5 26. Be3 Qa6 27. Qc4 Qb7 28. Qd5 Qxd5 29. Rxd5 Bf8 30. Rc7 f5 31. Bg5 Re6 32. Rd8 Nc6 33. Rdc8 Nd4 34. Bh6 Rf6 35. Rg7+ 1-0

[Event "35. DSenEM 65+"]
[Site "Bad Wildungen"]
[Date "2023.07.21"]
[Round "5.21"]
[White "Bischoff, Ulrich"]
[Black "Heinemann, Ernst"]
[Result "1/2-1/2"]
[WhiteElo "1912"]
[BlackElo "2100"]
[PlyCount "26"]
[EventDate "2023.??.??"]
[WhiteTeam "Sfr. Erbach"]
[BlackTeam "SK Union Oldenburg"]

1. d4 Nf6 2. c4 c5 3. d5 b5 4. Nf3 bxc4 5. Nc3 g6 6. e4 d6 7. Bxc4 Bg7 8. O-O O-O 9. h3 Ba6 10. Bxa6 Nxa6 11. e5 dxe5 12. Nxe5 Nxd5 13. Qxd5 Qxd5 1/2-1/2

[Event "35. DSenEM 65+"]
[Site "Bad Wildungen"]
[Date "2023.07.21"]
[Round "5.22"]
[White "Rydzewski, Klaus"]
[Black "Wolff, Stefan"]
[Result "1-0"]
[WhiteElo "2089"]
[BlackElo "1906"]
[PlyCount "59"]
[EventDate "2023.??.??"]
[WhiteTeam "Schachverein Horst-Emscher 31"]
[BlackTeam "SchVgg Blankenese von 1923 e.V."]

1. e4 c6 2. d4 d5 3. e5 c5 4. c3 Nc6 5. Be3 Nh6 6. Bd3 Nf5 7. Nf3 Qb6 8. Qd2 Nxe3 9. fxe3 c4 10. Be2 Bf5 11. O-O e6 12. Qc1 h6 13. Nbd2 Qd8 14. b3 cxb3 15. axb3 g5 16. Ne1 g4 17. Bd3 Qg5 18. Rf4 f6 19. Bxf5 fxe5 20. dxe5 Bc5 21. Rf1 Bxe3+ 22. Kh1 Rf8 23. Bg6+ Ke7 24. Qa3+ Kd7 25. Rxf8 Rxf8 26. Qxf8 Bxd2 27. Be8+ Kc7 28. Qd6+ Kb6 29. Bxc6 bxc6 30. Qb4+ 1-0

[Event "35. DSenEM 65+"]
[Site "Bad Wildungen"]
[Date "2023.07.21"]
[Round "5.23"]
[White "Lehr, Thomas"]
[Black "Keller, Harald"]
[Result "0-1"]
[WhiteElo "1937"]
[BlackElo "2040"]
[PlyCount "42"]
[EventDate "2023.??.??"]
[WhiteTeam "Husumer SV von 1898"]
[BlackTeam "SV Rottweil"]

1. e4 Nf6 2. Nc3 d5 3. e5 d4 4. exf6 dxc3 5. fxg7 cxd2+ 6. Bxd2 Bxg7 7. Qf3 Qd6 8. c3 Qe6+ 9. Qe3 Bh6 10. Qxe6 Bxd2+ 11. Kxd2 Bxe6 12. Nf3 Rg8 13. g3 Nc6 14. Ke3 O-O-O 15. Be2 Bd5 16. Rhd1 Rg6 17. Rd3 Re6+ 18. Kd2 Rdd6 19. Ng5 Rxe2+ 20. Kxe2 Bc4 21. Rad1 Ne5 0-1

[Event "35. DSenEM 65+"]
[Site "Bad Wildungen"]
[Date "2023.07.21"]
[Round "5.24"]
[White "Polster, Wolfgang"]
[Black "Fleischer, Matthias"]
[Result "0-1"]
[WhiteElo "2223"]
[BlackElo "1849"]
[Annotator "hugo5"]
[PlyCount "69"]
[EventDate "2023.??.??"]
[WhiteTeam "SV 03/25 Koblenz"]
[BlackTeam "SF Schwerin"]

1. e4 d6 2. d4 Nf6 3. Nc3 g6 4. Be3 Bg7 5. Qd2 O-O 6. Bh6 Nbd7 7. f3 Re8 8. Bxg7 Kxg7 9. O-O-O e5 10. Nge2 c6 11. g4 h5 12. gxh5 Nxh5 13. f4 exf4 14. Nxf4 Nxf4 15. Qxf4 Qf6 16. Qg3 b5 17. Bd3 a6 18. Ne2 c5 19. c3 Bb7 20. Nf4 Rh8 21. Rdf1 Qh4 22. Qf3 Raf8 23. Rhg1 Nf6 24. h3 c4 25. Bc2 Nh5 26. Rg4 Qe7 27. h4 Nf6 28. Nxg6 fxg6 29. Rxg6+ Kxg6 30. Qf5+ Kf7 31. e5 Ke8 32. exf6 Qf7 33. Re1+ Kd8 34. Re7 Bc8 35. Qg6 0-1

[Event "35. DSenEM 65+"]
[Site "Bad Wildungen"]
[Date "2023.07.21"]
[Round "5.25"]
[White "Schmidt, Gerhard"]
[Black "Blosze, Winfried"]
[Result "1-0"]
[WhiteElo "2071"]
[BlackElo "1845"]
[PlyCount "89"]
[EventDate "2023.??.??"]
[WhiteTeam "Schachverein Kreuztal e. V."]
[BlackTeam "SV Koenigsspr. 1929 Grossauheim"]

1. e4 e5 2. Nf3 Nc6 3. Bb5 a6 4. Ba4 Nf6 5. O-O b5 6. Bb3 Be7 7. Re1 d6 8. a4 Bb7 9. d3 O-O 10. c3 Nb8 11. axb5 axb5 12. Rxa8 Bxa8 13. Nbd2 Nbd7 14. Nf1 c5 15. Ng3 Nb6 16. Nf5 Qc7 17. Nxe7+ Qxe7 18. Nh4 c4 19. Nf5 Qe6 20. Bc2 Rd8 21. Qf3 Nc8 22. Qg3 Ne8 23. dxc4 bxc4 24. Ba4 Qg6 25. Qh4 f6 26. Be3 Kf8 27. Bb5 Ne7 28. Nxe7 Kxe7 29. f3 Rb8 30. Bxc4 Rxb2 31. Qh3 Kf8 32. Ra1 Bc6 33. g3 d5 34. Bc5+ Kf7 35. exd5 Rb1+ 36. Rxb1 Qxb1+ 37. Kg2 Qb2+ 38. Bf2 Bb5 39. Qe6+ Kg6 40. Qb6 Nd6 41. Bxb5 Kh6 42. Qxd6 Qxb5 43. Qc5 Qe8 44. d6 e4 45. Qe3+ 1-0

[Event "35. DSenEM 65+"]
[Site "Bad Wildungen"]
[Date "2023.07.21"]
[Round "5.26"]
[White "Schwarz, Hans"]
[Black "Haubt, Georg"]
[Result "0-1"]
[WhiteElo "1855"]
[BlackElo "2074"]
[PlyCount "102"]
[EventDate "2023.??.??"]
[WhiteTeam "SV Rochade Magdeburg 96"]
[BlackTeam "SV Oberursel"]

1. e4 d5 2. exd5 Qxd5 3. Nc3 Qd6 4. d4 Nf6 5. Nf3 a6 6. Be2 Nc6 7. h3 Bf5 8. a3 h6 9. Be3 g5 10. Bd3 e6 11. g4 Bxd3 12. Qxd3 b5 13. Ne4 Nxe4 14. Qxe4 Rb8 15. c3 Bg7 16. h4 gxh4 17. Rxh4 Ne7 18. Rh5 Nd5 19. g5 hxg5 20. Rxh8+ Bxh8 21. Bxg5 Kd7 22. Qh7 Qf8 23. O-O-O Kc6 24. Qe4 Qd6 25. Rh1 f6 26. Bd2 Kb6 27. Rh4 f5 28. Qe2 Bf6 29. Rh6 Ka7 30. Kb1 Re8 31. Ng5 Bxg5 32. Bxg5 Nb6 33. Be3 Qd5 34. Bf4 Qd7 35. Qe5 Nd5 36. Kc2 Qc6 37. Rh7 a5 38. Bd2 Qc4 39. b3 Qc6 40. Qe2 Rg8 41. c4 Rg5 42. Kb2 bxc4 43. Qxc4 Qb6 44. Be3 Rg2 45. Kc1 Qd6 46. b4 axb4 47. axb4 f4 48. Rh8 Kb7 49. Qf1 Qc6+ 50. Kb2 Nxe3 51. Qe2 Rxf2 0-1

[Event "35. DSenEM 65+"]
[Site "Bad Wildungen"]
[Date "2023.07.21"]
[Round "5.27"]
[White "Launert, Martin"]
[Black "Walther, Reinhard"]
[Result "0-1"]
[WhiteElo "1849"]
[BlackElo "1953"]
[PlyCount "110"]
[EventDate "2023.??.??"]
[WhiteTeam "Sfr. Erbach"]
[BlackTeam "SK 1911 Herzogenaurach e.V."]

1. e4 d6 2. d4 Nf6 3. Nc3 g6 4. f4 Bg7 5. Nf3 O-O 6. Bd3 c6 7. a4 Nbd7 8. O-O e5 9. dxe5 dxe5 10. Kh1 Qa5 11. Bd2 exf4 12. Ne2 Qd8 13. Nxf4 Nc5 14. Bb4 Qb6 15. Qe1 a5 16. Ba3 Re8 17. Qf2 Nxa4 18. Nd2 Qxf2 19. Rxf2 Ng4 20. Rff1 Nxb2 21. Be2 Na4 22. Rae1 Ne3 23. Rf3 Nxc2 24. Ref1 Nd4 25. R3f2 b5 26. Bd6 Ra7 27. Bd1 Rd7 28. Ba3 Nc3 29. Bg4 Rb7 30. Bxc8 Rxc8 31. Nd3 b4 32. Bb2 Na4 33. Nc4 Nxb2 34. Ndxb2 Ra7 35. e5 a4 36. Nxa4 Rxa4 37. Nb6 Rca8 38. Rxf7 Ra1 39. Nxa8 Rxa8 40. Re7 Rf8 41. Rb1 b3 42. h3 Rd8 43. Rb2 Kf8 44. Rb7 Bxe5 45. Rxh7 Kg8 46. Re7 Bf6 47. Rb7 Rc8 48. Rd7 c5 49. Rf2 Bh8 50. Rd6 Rc6 51. Rd8+ Kh7 52. Rd7+ Bg7 53. Rf1 Ne6 54. Rb7 c4 55. h4 c3 0-1

[Event "35. DSenEM 65+"]
[Site "Bad Wildungen"]
[Date "2023.07.21"]
[Round "5.28"]
[White "Krien, Hartmut"]
[Black "Nemoj, Ilja"]
[Result "1-0"]
[WhiteElo "1943"]
[BlackElo "1792"]
[PlyCount "71"]
[EventDate "2023.??.??"]
[WhiteTeam "Schachklub Heidenau"]
[BlackTeam "Schachverein Horst-Emscher 31"]

1. e4 e6 2. d4 d5 3. e5 c5 4. c3 Nc6 5. Nf3 cxd4 6. cxd4 Nge7 7. Nc3 a6 8. Bd3 Ng6 9. h4 Bd7 10. h5 Nge7 11. a3 Qc7 12. Bg5 h6 13. Bf4 Qb6 14. Na4 Qa7 15. Be3 Nc8 16. Rc1 Be7 17. Nc5 b5 18. Qc2 Na5 19. b3 Nb6 20. Bd2 Nb7 21. O-O Rc8 22. Be3 O-O 23. Qd2 f5 24. exf6 Bxf6 25. Bxh6 Nd6 26. Bf4 Nf5 27. Bxf5 exf5 28. Ne5 Bxe5 29. Bxe5 Rce8 30. Qg5 Bc8 31. Bxg7 Kh7 32. Rfe1 Rxe1+ 33. Rxe1 Rg8 34. Ne6 Qd7 35. Qe3 Qe8 36. Ng5+ 1-0

[Event "35. DSenEM 65+"]
[Site "Bad Wildungen"]
[Date "2023.07.21"]
[Round "5.29"]
[White "Nosek, Reinhard"]
[Black "Thielemann, Joachim"]
[Result "1-0"]
[WhiteElo "1933"]
[BlackElo "1727"]
[PlyCount "61"]
[EventDate "2023.??.??"]
[WhiteTeam "SSV 1952 Torgau e. V."]
[BlackTeam "SV Eutin von 1875"]

1. e4 e5 2. Bc4 Nf6 3. Nc3 c6 4. d4 Bb4 5. a3 Bxc3+ 6. bxc3 Qa5 7. Qf3 exd4 8. Bd2 Qe5 9. Bd3 dxc3 10. Bf4 Qe7 11. Ne2 O-O 12. O-O d5 13. Nxc3 dxe4 14. Nxe4 Nxe4 15. Bxe4 Re8 16. Rfe1 Be6 17. Qg3 Nd7 18. Bd6 Qf6 19. Rab1 Bd5 20. Bd3 Re6 21. Rxe6 Qxe6 22. Bb4 Re8 23. Bc3 Qh6 24. Rb4 g6 25. h4 Qc1+ 26. Kh2 b6 27. h5 Nf8 28. hxg6 Qh6+ 29. Rh4 Qxh4+ 30. Qxh4 fxg6 31. Qd4 1-0